| 000 | 005040000a22001930004500 | ||
|---|---|---|---|
| 003 | LK-CoMWRAF | ||
| 008 | 230817t ||||| |||| 00| 0 eng d | ||
| 040 |
_aLK-CoMWRAF _dLK-CoMWRAF _eLK-CoMWRAF |
||
| 041 | _aeng | ||
| 082 |
_a180 _bAFZ |
||
| 100 | _aAfza,Nazhat | ||
| 100 | _aAhmed,Khurshid | ||
| 245 |
_aThe Position Of Woman In Islam _bComparative study of two articles |
||
| 250 | _a1st.ed. | ||
| 260 |
_aKuwait _bKaramat Sheik _c1982 |
||
| 300 | _ap.37 | ||
| 650 | _aWomen & Islam | ||
| 942 | _cBK | ||
| 999 |
_c3177 _d3177 |
||